LEADER 01129cam0-22004091i-450 001 990006084320403321 005 20180719113507.0 035 $a000608432 035 $aFED01000608432 035 $a(Aleph)000608432FED01 035 $a000608432 100 $a20000112d1974----km-y0itay50------ba 101 0 $aita 102 $aIT 105 $ay-------001yy 200 1 $a<>trapianti e la sperimentazione umana$enel diritto italiano e straniero$fFerrando Mantovani 210 $aPadova$cCedam$d1974 215 $aXIV, 1034 p.$d24 cm 676 $a344.04194$v21$zita 700 1$aMantovani,$bFerrando$0230277 801 0$aIT$bUNINA$gRICA$2UNIMARC 901 $aBK 912 $a990006084320403321 952 $aA-I-A-6$b1078$fDDRC 952 $a19 E 128$b248$fDDCP 952 $aDPR 9-408$b6667$fDEC 952 $aV B 36$b22835$fFSPBC 952 $a4,4-22$fDSPCP 952 $aXII F 627$b2285*$fFGBC 952 $aDP IX-112$b3726$fDEC 959 $aDSPCP 959 $aFGBC 959 $aDDCP 959 $aDDRC 959 $aDEC 996 $aTrapianti e la sperimentazione umana$9577274 997 $aUNINA LEADER 01412nam2-2200397li-450- 001 990005821650203316 005 20130327111957.0 010 $a978-88-13-30737-0 035 $a000582165 035 $aUSA01000582165 035 $a(ALEPH)000582165USA01 035 $a000582165 100 $a20130327d2012----km-y0itay0103----ba 101 $aita 102 $aIT 105 $a||||||||001yy 200 1 $aCommentario breve al codice di procedura penale : complemento giurisprudenziale : appendice di aggiornamento 2012$fa cura di Giovanni Conso, Vittorio Grevi$ga cura di Livia Giuliani 205 $a7. ed$grealizzata a Pavia dalla Scuola di Vittorio Grevi, coordinata da Livia Giuliani 210 $aPadova$cCEDAM$d2012 215 $aXXIII, 406 p.$d22 cm 225 2 $aBreviaria Iuris$v6 410 0$1001000313405$aBreviaria Iuris$v, 6 606 0 $2BNCF 676 $a345.4505 700 1$aCONSO,$bGiovanni$0149594 701 1$aGREVI,$bVittorio$0222797 702 $aGIULIANI,$bLivia 801 0$aIT$bsalbc$gISBD 912 $a990005821650203316 951 $aXXVI.2.B. 102$b72957 G.$cXXVI.2.B.$d00314059 959 $aBK 969 $aGIU 979 $aCHIARA$b90$c20130327$lUSA01$h1114 979 $aCHIARA$b90$c20130327$lUSA01$h1119 996 $aCommentario breve al codice di procedura penale : complemento giurisprudenziale : appendice di aggiornamento 2012$91089091 997 $aUNISA